| 000 | 00847cam a2200265 4500 | ||
|---|---|---|---|
| 001 | B3416 | ||
| 008 | 090401t1990 xxu||||| |||| 00| 0 eng d | ||
| 035 | _a(Sirsi) u55936 | ||
| 041 | _aeng | ||
| 050 | _a333.0065 | ||
| 090 | _aRICS 1990/88ABC | ||
| 110 |
_aRoyal Institution of Chartered Surveyors _94900 |
||
| 245 | 4 | _aThe members` conference. Birmingham Metropole 18-20 October 1990 | |
| 260 | _c1990 | ||
| 300 | _a1 booklet | ||
| 350 | _a0 | ||
| 520 | _aSaturday session entitled: Management markets and manpower. Notes to presentations by Armitage,B. , Jonas,C. , Venning,P. and Horntvedt,K. | ||
| 650 | _aANNUAL CONFERENCE 1990 | ||
| 650 | _aINSTITUTION AND COLLEGE CONFERENCES | ||
| 650 | _aMEMBERS CONFERENCE 1990 | ||
| 650 | _aPRACTICE DEVELOPMENT | ||
| 650 | _aPRACTICE MANAGEMENT | ||
| 942 | _n0 | ||
| 948 | _c04/03/1997 | ||
| 999 |
_c93684 _d93684 |
||